Family Tree - Ethel Cain (Lyrics) - Statistics

General Stats
  • This quiz has been taken 12 times
  • The average score is 218 of 245
Answer Stats
Answer % Correct
a
100%
all
100%
and
100%
bathe
100%
be
100%
body
100%
clean
100%
crosses
100%
don't
100%
down
100%
i
100%
me
100%
my
100%
of
100%
on
100%
over
100%
remind
100%
river
100%
so
100%
take
100%
that
100%
the
100%
these
100%
to
100%
used
100%
white
100%
who
100%
you
100%
your
100%
back"
91%
back
91%
been
91%
chapel
91%
horse
91%
i've
91%
let
91%
no
91%
off
91%
put
91%
than
91%
then
91%
wash
91%
way
91%
when
91%
woman
91%
yeah
91%
before
82%
better
82%
but
82%
child
82%
forgive
82%
him
82%
i'm
82%
im
82%
just
82%
look
82%
preacher
82%
raised
82%
ride
82%
violence
82%
above
73%
christ
73%
"heaven
73%
hiding
73%
i'll
73%
in
73%
kill
73%
make
73%
mama
73%
man
73%
not
73%
offering
73%
oh
73%
scare
73%
silence
73%
talks
73%
they
73%
times
73%
about
64%
again
64%
around
64%
bones
64%
first
64%
fury
64%
hath
64%
hell
64%
killed
64%
leave
64%
like
64%
myself
64%
out
64%
run
64%
say
64%
"shoot
64%
up
64%
daddy
55%
demands
55%
give
55%
it
55%
said
55%
scorned"
55%
baby
45%
noose
45%
this
45%
hand
36%
tight
36%
wrap
36%
ah
27%
oh-oh
9%
No matching quizzes found
Score Distribution
Percent of People with Each Score
Percentile by Number Answered
Your Score History
You have not taken this quiz